000
00287nam a2200109Ia 4500
008
200302s9999 xx 000 0 und d
100
_a
Fernando Marquez
245
_a
2005 - 2009 Toyo Ito Espacio Liquido Liquid Space
260
_b
Elcroquis Publishers
260
_c
2009
300
_a
227 P.,
999
_c
2968
_d
2968